Statistics for Top 20 countries by alcohol related deaths

Click here to take the quiz!

General Stats

  • This quiz has been taken 612 times
  • The average score is 11 of 20

Answer Stats

Rank Country Rate % Correct
4Russia12.25
97%
5Ukraine10.57
83%
15Germany4.59
80%
3Belarus14.33
76%
8Latvia9.41
76%
1Estonia22.03
75%
2Lithuania14.77
75%
9Finland7.55
71%
19France4.45
68%
11Moldova6.02
62%
6Denmark10.54
54%
10Slovenia7.19
52%
14Croatia4.69
51%
16Kazakhstan4.53
45%
18Georgia4.46
37%
17Montenegro4.49
33%
20Mongolia4.35
30%
7Kyrgyzstan9.5
24%
13El Salvador5.25
5%
12Guyana5.95
2%

Score Distribution

Percentile by Number Answered

Percent of People with Each Score

Your Score History

You have not taken this quiz